000 00652nam a2200181Ia 4500
008 100921s9999 xx 000 0 und d
082 _b5000
_a301.2 थ 69
100 _aसाने गुरूजी.
245 _aभारतीय संस्कृती.
260 _bसुलभ राष्ट्रीय ग्रंथमाला,पुणे.
_c1969
300 _a277
_b---
365 _b6
520 _aस.शा.संस्कृती.
630 _aभारतीय संस्कृती.
650 _aस.शा.संस्कृती.
730 _aभारतीय संस्कृती.
942 _cBOOK
999 _c754113
_d754110